000 00740nam a2200241Ia 4500
003 OSt
005 20220925235326.0
006 a|||||r|||| 00| 0
007 ta
008 220923b |||||||| |||| 00| 0 eng d
020 _a9788189524937
_c25
037 _b874, 12/03/2013, Pranami Book Service
_cGeneral Book
040 _aRTL
_cRTL
_beng
041 _2eng
_aeng
082 _aT:g, Q3
100 _aKELLNER Douglas
_920436
245 0 _aToward a critical theory of education
260 _a New Delhi
_bCritical Quest
_c2013
300 _a32p Bibliography: P 31-32
_ccm.
650 _aSociology
942 _hT:g, Q3
_cGB
_2CC
999 _c597146
_d597146